|
|
|
|
| LEADER |
00000nab a2200000 ar4500 |
| 001 |
vtls009525718 |
| 003 |
SK-MaSNL |
| 005 |
20260319071012.0 |
| 008 |
090615c20090613xo |||||||| 000 b|hun |
| 015 |
|
|
|a SNBRB2009/06
|2 snkbucl
|
| 038 |
|
|
|a SNKBUCL
|
| 040 |
|
|
|a DSZK
|b slo
|c DSZK
|e AACR2
|
| 041 |
0 |
|
|a hun
|
| 044 |
|
|
|a xo
|c SK
|
| 080 |
|
|
|a 82:070
|x (=511.141)
|x (437.6)
|2 2001
|
| 080 |
|
|
|a 070.488
|x (=511.141)
|x (437.6)
|2 2001
|
| 100 |
0 |
|
|a (zsolt)
|4 aut
|9 871040
|
| 245 |
1 |
0 |
|a A Sarló és a történelem
|b megjelent az Irodalmi Szemle júniusi száma
|c [szerző] (zsolt)
|
| 300 |
|
|
|b Fotogr.
|
| 500 |
|
|
|a Článok bol publikovaný aj v časopise Szabad újság. - Évf. XVII, sz. 25 (2009), o. 12
|
| 630 |
0 |
7 |
|a Irodalmi szemle (časopis)
|y 2009
|x č. 6
|2 snkbucl
|9 1053562
|
| 655 |
|
7 |
|a bibliografické prehľady
|2 snkbucl
|9 534643
|
| 773 |
0 |
|
|t Új szó
|g Évf. 62, sz. 135 (13.6.2009), o. 8
|x 1335-7050
|
| 852 |
|
|
|a SNK
|b KIS3GCP
|
| 852 |
|
|
|a DSZK
|b KIS3GCP
|
| 958 |
|
|
|a HU
|
| 958 |
|
|
|a SK
|
| 958 |
|
|
|a LX
|
| 999 |
|
|
|c 1731933
|d 1733863
|